00424 a2200157 4500082001700000100001700017245004200034260004100076300001300117504002800130650001400158650002400172650002700196650002300223653002000246 a026.6bSa73a aSarkar, P.K. aAdministration of technical libralies aNew DelhibSterling Publishersc1977 aix,196p. aIncludes bibliographies aLibraries aTechnical libraries aLibrary administration aLibrary management aLibrary science